<?xml version="1.0" encoding="UTF-8"?>
<record
    xmlns:xsi="http://www.w3.org/2001/XMLSchema-instance"
    xsi:schemaLocation="http://www.loc.gov/MARC21/slim http://www.loc.gov/standards/marcxml/schema/MARC21slim.xsd"
    xmlns="http://www.loc.gov/MARC21/slim">

  <leader>02298nam a22002537a 4500</leader>
  <controlfield tag="003">AR-RoUNCS</controlfield>
  <controlfield tag="005">20260218150518.0</controlfield>
  <controlfield tag="008">190316s2009    sp     gr     001 f spa  </controlfield>
  <datafield tag="020" ind1=" " ind2=" ">
    <subfield code="a">978-84-96940-46-8</subfield>
  </datafield>
  <datafield tag="040" ind1=" " ind2=" ">
    <subfield code="a">AR-BaBN</subfield>
    <subfield code="b">spa</subfield>
    <subfield code="c">AR-RoUNCs</subfield>
    <subfield code="e">aacr</subfield>
  </datafield>
  <datafield tag="080" ind1="1" ind2=" ">
    <subfield code="a">82-312.4(73)</subfield>
    <subfield code="2">2016</subfield>
  </datafield>
  <datafield tag="100" ind1="1" ind2=" ">
    <subfield code="a">Connelly, Michael,</subfield>
    <subfield code="d">1956-</subfield>
    <subfield code="e">autor</subfield>
    <subfield code="4">aut</subfield>
  </datafield>
  <datafield tag="245" ind1="1" ind2="0">
    <subfield code="a">M&#xE1;s oscuro que la noche /</subfield>
    <subfield code="c">Michael Connelly ; traducci&#xF3;n de Javier Guerrero.</subfield>
  </datafield>
  <datafield tag="250" ind1=" " ind2=" ">
    <subfield code="a">1a ed.</subfield>
  </datafield>
  <datafield tag="260" ind1=" " ind2=" ">
    <subfield code="a">Barcelona :</subfield>
    <subfield code="b">Roca Editorial de Libros,</subfield>
    <subfield code="c">2009.</subfield>
  </datafield>
  <datafield tag="300" ind1=" " ind2=" ">
    <subfield code="a">444 p. ;</subfield>
    <subfield code="c">19 cm.</subfield>
  </datafield>
  <datafield tag="490" ind1="0" ind2=" ">
    <subfield code="a">Roca Bolsillo. Criminal.</subfield>
  </datafield>
  <datafield tag="500" ind1=" " ind2=" ">
    <subfield code="a">T&#xED;tulo original: A dearness more than night / traducido por Javier Guerrero.</subfield>
  </datafield>
  <datafield tag="520" ind1="1" ind2=" ">
    <subfield code="a">Harry Bosch est&#xE1; metido hasta el cuello en un caso que ha conmocionado a todo Los &#xC1;ngeles: se acusa a un director de cine de asesinar a una actriz mientras se acostaban y de hacer que pareciese un suicidio. Bosch es, a la vez, el agente que le arrest&#xF3; y el testigo principal en un juicio que ha provocado el frenes&#xED; en los medios de comunicaci&#xF3;n de Hollywood. Mientras tanto, Terry McCaleb disfruta de una jubilaci&#xF3;n id&#xED;lica en la isla Santa Catalina cuando una visita de un antiguo compa&#xF1;ero le devuelve a su vida anterior. Se trata de un asesinato, un tipo de asesinato inexplicable en el que se especializ&#xF3; cuando trabajaba en el FBI. La investigaci&#xF3;n est&#xE1; atascada, por lo que le piden a McCaleb echar un vistazo a los papeles del caso por si da con algo que los dem&#xE1;s hayan pasado por alto. Un primer contacto con la escena del crimen lleva a McCaleb a buscar un asesino met&#xF3;dico al que le gustan los rituales y la venganza. A medida que esa ojeada r&#xE1;pida se convierte en una investigaci&#xF3;n a fondo, su caso y el de Bosch comienzan a entrelazarse de manera extra&#xF1;a. Con una revelaci&#xF3;n perturbadora tras otra, se convierten en un &#xFA;nico caso imposible y espeluznante que implica unos c&#xE1;lculos inconcebibles. McCaleb cree haber desenmascarado al asesino m&#xE1;s aterrador que jam&#xE1;s se hayan encontrado. Pero sus pesquisas se enredan con las de Bosch, y acaban enfrentados durante la investigaci&#xF3;n m&#xE1;s peligrosa de su vida.</subfield>
  </datafield>
  <datafield tag="650" ind1=" " ind2="7">
    <subfield code="2">embne</subfield>
    <subfield code="a">Literatura norteamericana</subfield>
  </datafield>
  <datafield tag="655" ind1=" " ind2="7">
    <subfield code="a">Novelas policiacas</subfield>
    <subfield code="2">embne</subfield>
  </datafield>
  <datafield tag="700" ind1="1" ind2=" ">
    <subfield code="a">Guerrero, Javier</subfield>
    <subfield code="e">traductor</subfield>
    <subfield code="4">trl</subfield>
  </datafield>
  <datafield tag="942" ind1=" " ind2=" ">
    <subfield code="2">udc</subfield>
    <subfield code="c">OG</subfield>
    <subfield code="n">0</subfield>
  </datafield>
  <datafield tag="999" ind1=" " ind2=" ">
    <subfield code="c">907</subfield>
    <subfield code="d">907</subfield>
  </datafield>
  <datafield tag="952" ind1=" " ind2=" ">
    <subfield code="0">0</subfield>
    <subfield code="1">0</subfield>
    <subfield code="2">udc</subfield>
    <subfield code="4">0</subfield>
    <subfield code="7">0</subfield>
    <subfield code="8">CG</subfield>
    <subfield code="a">ESOCIALES</subfield>
    <subfield code="b">ESOCIALES</subfield>
    <subfield code="d">2026-02-18</subfield>
    <subfield code="e">Donaci&#xF3;n 2023</subfield>
    <subfield code="l">0</subfield>
    <subfield code="o">82-312.4(73) C752</subfield>
    <subfield code="p">000370</subfield>
    <subfield code="r">2026-02-18 15:06:05</subfield>
    <subfield code="w">2026-02-18</subfield>
    <subfield code="y">OG</subfield>
  </datafield>
</record>
